Arignar Anna's essays editorials epistles & satires (Record no. 2820)

MARC details
000 -LEADER
fixed length control field 00637 a2200193 4500
010 ## - LIBRARY OF CONGRESS CONTROL NUMBER
LC control number ENG-85525
020 ## - INTERNATIONAL STANDARD BOOK NUMBER
Terms of availability 300.00
International Standard Book Number 28
035 ## - SYSTEM CONTROL NUMBER
System control number EN-69058
037 ## - SOURCE OF ACQUISITION
Source of stock number/acquisition D.B.Act / Pub
082 14 - DEWEY DECIMAL CLASSIFICATION NUMBER
Classification number 808.88
090 ## - LOCALLY ASSIGNED LC-TYPE CALL NUMBER (OCLC); LOCAL CALL NUMBER (OCLC)
-- 2875
-- 2875
245 1# - TITLE STATEMENT
Title Arignar Anna's essays editorials epistles & satires
Statement of responsibility, etc compiled and edited by M. S. Venkatachalam and M. Natrajan
260 ## - PUBLICATION, DISTRIBUTION, ETC. (IMPRINT)
Place of publication, distribution, etc Chennai
Name of publisher, distributor, etc Tamil Arasi Publications
Date of publication, distribution, etc 2005
300 ## - PHYSICAL DESCRIPTION
Extent 663 p.
Dimensions 22 cm (Pbk.)
700 1# - ADDED ENTRY--PERSONAL NAME
Personal name Venkatachalam, M. S.
710 1# - ADDED ENTRY--CORPORATE NAME
Corporate name or jurisdiction name as entry element Natrajan, M.
942 ## - ADDED ENTRY ELEMENTS (KOHA)
Institution code [OBSOLETE] dp
Koha item type English Books
Call number prefix 808.88 / ARI
Holdings
Withdrawn status Lost status Source of classification or shelving scheme Damaged status Not for loan Collection code Home library Current library Source of acquisition Cost, normal purchase price Total Checkouts Full call number Barcode Date last seen Copy number Uniform Resource Identifier Cost, replacement price Price effective from Koha item type
    Dewey Decimal Classification   Not For Loan Non-fiction D.B.Act.Division D.B.Act.Division DBAD/PUB 300.00   808.883 ARI EN-69058 15/09/2008 1 3009 300.00 15/09/2008 English Books

© Delhi Public Library
Hit Counter
free hit counter